000 02508cam a22005534i 4500
003 PE-LiUPU
005 20250731184539.0
008 181220s2011 xxua r 001 0 eng
020 _a1931745811
020 _a9781931745819
035 _a(Sirsi) a251109
049 _aPRUA
082 0 4 _a956.948
_bT4
_223
245 0 4 _aThe history and archaeology of Jaffa /
_cedited by Martin Peilsötcker and Aaron A. Burke.
264 1 _aLos Angeles :
_bCotsen Institute of Archaeology Press, University of California Los Angeles,
_c2011.
300 _a2 volúmenes :
_bilustraciones ;
_c29 centímetros.
336 _atext
_2rdacontent
337 _aunmediated
_2rdamedia
338 _avolume
_2rdacarrier
490 0 _aMonumenta archaeologica ;
_v26
490 0 _aThe Jaffa cultural heritage project series ;
_vv. 1
504 _aÍndice : páginas 293-294.
505 0 _aVolumen I,
_tThe history and archaeology of Jaffa.
_aThe Jaffa cultural heritage project and archaeological research in Jaffa -- Jaffa's historical and regional setting -- Recent archaeological research of Jaffa -- Studies of the Jacob Kaplan and Haya Ritter-Kaplan legacy.
505 0 _aVolumen II,
_tThe history and archaeology of Jaffa.
_aArchaeological research in Jaffa -- Historical and archaeological studies of Medieval and Ottoman Jaffa -- Excavations at the postal compound 2009-2011 -- Excavations at the armenian compound, 2006-2007 -- The kaplan excavations, 1955-1974.
526 _aP136
526 _aP135
526 _aP134
526 _aP133
526 _aP144
526 _aP143
526 _aP87
526 _aP35
526 _aP20
526 _aP14
526 _aP10
526 _aP06
650 0 4 _aAntigüedades.
650 0 4 _aEscavaciones (arqueológicas)
_zPalestina.
700 1 _aPeilstöcker, Martin,
_eeditor.
700 1 _aBurke, Aaron A.
_eeditor.
700 1 _aBurke, Katherine Strange,
_eeditor.
910 _adbm
_bsag
_csag
_d20181220
942 _2ddc
_cBOOK
994 _aC0
_bPEPRU
596 _a1
999 _a956.948 T4 1
_wDEWEY
_c30558
_i79425
_f2021-11-12
_g3
_lCCODEBUL1
_mBUL
_p78.00
_r0
_sY
_tBOOK
_u2018-12-20
_xTEOLOGIA
_PP85
_0COMPRA
_1FCOMPR2
_o.STAFF. Colección Teología
_d30558
999 _a956.948 T4 2
_wDEWEY
_c1
_i79426
_f2021-11-12
_g3
_lCCODEBUL1
_mBUL
_p78.00
_r0
_sY
_tBOOK
_u2019-1-9
_xTEOLOGIA
_PP85
_0COMPRA
_1FCOMPR2
_o.STAFF. Colección Teología
980 _81
_gALBERTO SANCHEZ Responsable de Automatización